Applying international accounting standards.
| Main Author: | |
|---|---|
| Format: | Book |
| Published: |
London:
Edinburgh & Dublin,
1999.
|
| Edition: | 2nd ed.. |
| Subjects: |
| LEADER | 00438cam a2200157 7i4500 | ||
|---|---|---|---|
| 001 | 0000007647 | ||
| 005 | 20220119090000.0 | ||
| 020 | 0 | 0 | |a 0406924260 |
| 090 | 0 | 0 | |a B 657.0218 |b CAI |
| 100 | 1 | 0 | |a Cairns |
| 245 | 1 | 0 | |a Applying international accounting standards. |
| 250 | 0 | 0 | |a 2nd ed.. |
| 260 | 0 | 0 | |a London: |b Edinburgh & Dublin, |c 1999. |
| 300 | # | # | |a 1045 p. |
| 650 | 0 | 0 | |a Accounting -- |x Standards |
| 999 | |a B000011134 |b Book |c Book |e Business Information Centre | ||


